000 00455nam a2200169Ia 4500
003 GBCCL
005 20251201123910.0
008 180702b ||||| |||| 00| 0 eng d
040 _cGBC
082 _aVER 220.5954
_bKUK 1
245 _aPathen Lekhabu Theng:
_bKitepna Lui Le Kitepna Thah Kigom
260 _bBSI
260 _c1984.
_aBangalore:
_bBible Society of India
300 _a1296, 322p.
_bmaps;
650 _aBible
_vKuki
_912302
942 _2ddc
_cREF
999 _c6886
_d6886